00576nam a22001697a 450000500170000001000150001702000260003203500140005803700130007208200110008510000170009624501110011326000540022427000780027830000330035670000170038920220729124101.0 aENG-134095 a9789381345382c995.00 aEN-117627 bDBAB/PUB a954.09 aDe, Debasree aA History of Adivasi Women in Post-independence Eastern India:bThe Margins of the Marginals/cDebasree De aNew DelhibSage Publications India Pvt. Ltdc2018 aBI/I-1, Mohan Cooperative Industrial Area Mathura RoadbNew Delhie110044 axliv, 293p.bIndexc22cm(hb) aDe, Debasree